Algoritmus řešení vynálezeckých úloh. 2. ARIZ-85-B.
Riešenie troch rôznych úloh ako príklad praktickej aplikácie ARIZ-85-B. Analýza úlohy. Stanovenie najjednoduchšej schémy. Analýza modelu úlohy. Vymedzenie ideálneho konečného výsledku a fyzikálneho rozporu. Mobilizácia a využitie zdrojov látok a polí. Využitie informačného fondu TRIZ. Zmena, alebo z...
Salvato in:
| Autore principale: | |
|---|---|
| Natura: | Capitolo di libro |
| Lingua: | ceco |
| Soggetti: | |
| Tags: |
Nessun Tag, puoi essere il primo ad aggiungerne!!
|
MARC
| LEADER | 00000naa a2200000 4500 | ||
|---|---|---|---|
| 001 | r006199 | ||
| 005 | 20221125080811.2 | ||
| 041 | 0 | |a cze | |
| 044 | |a [CS] | ||
| 245 | 1 | 0 | |a Algoritmus řešení vynálezeckých úloh. 2. |b ARIZ-85-B. |c V. Dostál |
| 520 | |a Riešenie troch rôznych úloh ako príklad praktickej aplikácie ARIZ-85-B. Analýza úlohy. Stanovenie najjednoduchšej schémy. Analýza modelu úlohy. Vymedzenie ideálneho konečného výsledku a fyzikálneho rozporu. Mobilizácia a využitie zdrojov látok a polí. Využitie informačného fondu TRIZ. Zmena, alebo zámena úlohy. | ||
| 610 | 2 | 0 | |a algoritmy |
| 610 | 2 | 0 | |a vynálezy |
| 100 | 1 | |a Dostál, V. | |